| 000 | 01488nam a22002897a 4500 | ||
|---|---|---|---|
| 003 | PE SENCICO BE | ||
| 005 | 20260422150020.0 | ||
| 008 | 260422b |||||||| |||| 00| 0 eng d | ||
| 040 |
_aPE SENCICO BE _cPE SENCICO BE |
||
| 041 | _aspa | ||
| 082 |
_a624.1833 _bO77 |
||
| 100 | 1 |
_aOshiro Higa, Fernando _9191 _eautor |
|
| 245 | 1 |
_aEl cemento, el concreto : _bla nueva tendencia en el uso del concreto / _cFernando Oshiro Higa |
|
| 250 | _a[1a ed.] | ||
| 260 |
_aLima : _bRepresentaciones generales 2000 SAC ; _csin año |
||
| 300 |
_a247 páginas : _bgráficos ; _c23.5 cm. |
||
| 504 | _aBibliografía: p. 247 | ||
| 505 | 0 | _aConcreto -- Cemento, agregados, materiales de mezcla – Elaboración del concreto -- ¿Cómo se construye la estructura? – Características del concreto – Ciclo de existencia y el reciclaje | |
| 520 | 3 | _aEnfoca el presente del concreto y la forma cómo los afrontan el círculo industrial y el profesional, así como analizar las características de la industria en la elaboración del cemento, concreto; presentando temas en forma sencilla, de manera que lo relacionado al concreto profundice el interés y su comprensión, introduciendo temas para armonizar nuestra diaria existencia con el medio | |
| 650 | 1 | 0 |
_aConcreto _9309 |
| 650 | 2 | 0 |
_aCemento _9577 |
| 650 | 2 | 0 |
_aMateriales de construcción _9308 |
| 650 | 2 | 0 |
_aTecnología de materiales _9406 |
| 650 | 2 | 0 |
_aTecnología del concreto _9477 |
| 910 | _ahfp | ||
| 942 |
_2ddc _cLIB |
||
| 999 |
_c9889 _d9889 |
||